| 000 | 00824nam a2200241 a 4500 | ||
|---|---|---|---|
| 001 | 000022931 | ||
| 005 | 20200930021858.0 | ||
| 008 | 101123s2004 mx a r 000 | spa d | ||
| 020 | _a9701865642 | ||
| 040 |
_aDO-SdBNP _bspa _cBNPHU |
||
| 082 |
_axxx _bO65c |
||
| 245 | 1 | 3 |
_aEl ordenamiento y el cuidado del acervo / _cDirección Nacional de Bibliotecas. |
| 250 | _a3a ed. | ||
| 260 |
_aMéxico D. F. : _bConsejo Nacional para la Cultura y las Artes(CONACULTA), _c2004. |
||
| 300 |
_a79 p. : _bil. ; _c21 cm. |
||
| 490 | 1 | _aApoyo a la Capacitación Bibliotecario | |
| 490 | _aInstructivos | ||
| 500 | _aTercera reimpresión de la tercera edición | ||
| 610 |
_aDirección Nacional de Bibliotecas _947145 |
||
| 730 | 0 |
_aApoyo a la Capacitación Bibliotecario _947146 |
|
| 730 | 0 |
_aInstructivos _947147 |
|
| 049 | _aBNGR | ||
| 999 |
_c22428 _d22428 |
||